[Event "Prague Golden op"]
[Site "Prague"]
[Date "2022.07.17"]
[Round "9"]
[White "Omarsson, Adam"]
[Black "Sovany, Attila"]
[Result "1-0"]
[WhiteElo "1794"]
[BlackElo "1817"]
[PlyCount "113"]
[EventDate "2022.07.09"]
[EventType "swiss"]
[EventRounds "9"]
[EventCountry "CZE"]
[SourceTitle "CBM 209 Extra"]
[Source "ChessBase"]
[SourceDate "2022.09.30"]
[SourceVersion "1"]
[SourceVersionDate "2022.09.30"]
[SourceQuality "1"]

1. d4 Nf6 2. Bf4 c6 3. c3 d6 4. Nf3 Bf5 5. e3 Qb6 6. Qb3 Nbd7 7. Nbd2 h6 8. Nc4 Qxb3 9. axb3 Nh5 10. Bg3 Nxg3 11. hxg3 d5 12. Nce5 Nxe5 13. Nxe5 e6 14. Bd3 Bxd3 15. Nxd3 Bd6 16. b4 Kd7 17. Kd2 b6 18. Ra6 Kc7 19. Rha1 Kb7 20. b3 h5 21. Ke2 h4 22. gxh4 Rxh4 23. c4 g5 24. c5 Bc7 25. cxb6 Bxb6 26. Ne5 f6 27. Nd7 Rah8 28. Nxb6 axb6 29. Ra7+ Kb8 30. Re7 e5 31. g3 Rg4 32. Kf3 Re4 33. Ra6 exd4 34. Rxb6+ Ka8 35. Rxe4 dxe4+ 36. Kxe4 dxe3 37. fxe3 Re8+ 38. Kf3 f5 39. Rxc6 Re4 40. Rc4 g4+ 41. Ke2 Re7 42. Rf4 Re5 43. e4 Re7 44. Ke3 Rc7 45. Rxf5 Rc3+ 46. Kf4 Rxb3 47. Rb5 Ka7 48. Kxg4 Ka6 49. Re5 Rxb4 50. Kf5 Kb7 51. g4 Kc7 52. g5 Kd7 53. g6 Rb8 54. g7 Ra8 55. Kf6 Kd6 56. Re6+ Kc5 57. Kf7 1-0

[Event "Prague Golden op"]
[Site "Prague"]
[Date "2022.07.13"]
[Round "5"]
[White "Veselsky, Jan"]
[Black "Sovany, Attila"]
[Result "0-1"]
[WhiteElo "1571"]
[BlackElo "1817"]
[PlyCount "67"]
[EventDate "2022.07.09"]
[EventType "swiss"]
[EventRounds "9"]
[EventCountry "CZE"]
[SourceTitle "CBM 209 Extra"]
[Source "ChessBase"]
[SourceDate "2022.09.30"]
[SourceVersion "1"]
[SourceVersionDate "2022.09.30"]
[SourceQuality "1"]

1. d4 Nf6 2. c4 e6 3. Nc3 Bb4 4. Nf3 0-0 5. Bg5 h6 6. Bh4 c5 7. e3 d5 8. cxd5 exd5 9. dxc5 Bxc5 10. Bxf6 Qxf6 11. Qxd5 Bb4 12. Rc1 Nc6 13. a3 Rd8 14. Qh5 Bxc3+ 15. Rxc3 Be6 16. Bd3 Rd5 17. Qh4 g5 18. Qe4 Rad8 19. Be2 g4 20. Nd4 Nxd4 21. exd4 Bf5 22. Qe3 Rxd4 23. Qg3 Re4 24. f3 Re6 25. fxg4 Bg6 26. Qf3 Qd4 27. Rc1 Rde8 28. Rc3 Rxe2+ 29. Qxe2 Rxe2+ 30. Kxe2 Qxg4+ 31. Kf2 Qf4+ 32. Rf3 Qd2+ 33. Kg3 Be4 34. Rc3 0-1